00928cam a2200241 a 4500001000500000005001700005020001800022040002300040050002400063082001500087100002500102245006400127250004500191260003400236300004000270505000700310520024900317521002000566521002000586650002200606650002600628650003200654118620231204104421.0 a9780439174824 aDLCcDLCdDLCbeng00aPZ7.S84895bIf 199900a813.542211 aStewart, Jennifer J.10aIf that breathes fire, we're toast! /cJennifer J. Stewart. aFirst Scholastic printing, November 2000 aNew York :bScholastic,c1999 a118 pages :c20 cmbillustrations ; aR  aWhen eleven-year-old Rick and his mother move from San Diego to Tucson he is not too happy about the change, but when they get a fire-breathing, time-traveling dragon to replace their broken furnace, his new life starts to get more interesting. a680 bLexile  aR bRaz-Plus  1aDragonsxFiction. 1aTime travelxFiction. 1aMoving, HouseholdxFiction.